000 00399nam a2200145Ia 4500
008 230917s9999||||xx |||||||||||||| ||und||
040 _e120789
_aMAIN
041 _aEnglish
082 _a297.2 S26S
100 _aAnsari, M T, ed.
245 0 _aSecularism, Islam and modernity: Selected essays of Alam Khundmiri
260 _aNew Delhi
_bSage Publications
_c2001
300 _a308 p.
942 _cBK
999 _c139379
_d139379